Biggest Cities and Towns in Maine - Statistics

General Stats
  • This quiz has been taken 19 times
  • The average score is 13 of 20
Answers on the Map
Answers color-coded by a green-red scale on the quiz's map according to % correct below.
 
Answer Stats
Population City / Town % Correct
31,753 Bangor
100%
68,408 Portland
100%
26,498 South Portland
88%
18,899 Augusta
82%
37,121 Lewiston
76%
11,536 Kennebunk
71%
13,723 York
71%
24,061 Auburn
65%
22,135 Scarborough
65%
11,183 Orono
59%
20,381 Saco
59%
15,828 Waterville
59%
22,552 Biddeford
53%
21,756 Brunswick
53%
20,400 Westbrook
53%
12,444 Falmouth
47%
21,982 Sanford
47%
18,336 Gorham
41%
18,434 Windham
41%
11,314 Wells
35%
No matching quizzes found
Score Distribution
Percent of People with Each Score
Percentile by Number Answered
Your Score History
You have not taken this quiz